Cono Sur
Uloženo v:
| Médium: | Text |
|---|---|
| Vydáno: |
Costa Rica:
IFE. FCE
|
| Témata: | |
| Tagy: |
Přidat tag
Žádné tagy, Buďte první, kdo vytvoří štítek k tomuto záznamu!
|
MARC
| LEADER | 00000 a a2200000 04500 | ||
|---|---|---|---|
| 001 | 30484 | ||
| 003 | |||
| 040 | |||
| 090 | |a 195201 | ||
| 245 | |a Cono Sur | ||
| 260 | |a Costa Rica: |b IFE. FCE | ||
| 300 | |a 624 p.; vol. 1 | ||
| 650 | |a PARTIDOS POLITICOS | ||
| 650 | |a TEORIA POLITICA | ||
| 650 | |a SISTEMAS POLITICOS | ||
| 650 | |a COMPORTAMIENTO POLITICO | ||
| 650 | |a ESTRUCTURA ORGANIZACIONAL | ||
| 650 | |a PODER POLITICO | ||
| 999 | |c 11900 |d 11900 | ||
